The world's fastest cars (Record no. 202902)

MARC details
000 -LEADER
fixed length control field 00267nam a2200097Ia 4500
082 ## - DEWEY DECIMAL CLASSIFICATION NUMBER
Classification number J 629.228 MART
008 - FIXED-LENGTH DATA ELEMENTS--GENERAL INFORMATION
fixed length control field 210817s9999 xx 000 0 und d
100 ## - MAIN ENTRY--PERSONAL NAME
Personal name MARTIN, Michael Mankato, Minn., 2006
9 (RLIN) 63876
245 #0 - TITLE STATEMENT
Title The world's fastest cars
942 ## - ADDED ENTRY ELEMENTS
item type Books
Holdings
Withdrawn status Lost status Damaged status Not for loan Home library Current library Date acquired Cost, normal purchase price Total Checkouts Barcode Date last seen Date last checked out Price effective from item type
        Thistle Grove Thistle Grove 18.08.2021 138.00 1 33228017526870 15.08.2023 10.05.2023 18.08.2021 Books